Normal view
MARC view
- Rehman, Muhammad Zia Ur
Entry Personal Name
001 - CONTROL NUMBER
- control field: 35492
003 - CONTROL NUMBER IDENTIFIER
- control field: NUST
005 - DATE AND TIME OF LATEST TRANSACTION
- control field: 20201120150107.0
008 - FIXED-LENGTH DATA ELEMENTS
- fixed length control field: 201120|| aca||aabn | a|a d
040 ## - CATALOGING SOURCE
- Original cataloging agency: NUST
- Transcribing agency: NUST
100 ## - HEADING--PERSONAL NAME
- Personal name: Rehman, Muhammad Zia Ur
670 ## - SOURCE DATA FOUND
- Source citation: Work cat.: (NUST): Rehman, Muhammad Zia Ur , Design and Analysis Study for a Cost Effective and/or Better Quality Hearing Aid Device, 2014.
